000
00349pab a2200157 454500
008
180718b2000 xxu||||| |||| 00| 0 eng d
100
_a
Ranade, Sudhanshu
245
_a
The Kargil Committee report
260
_c
2000
300
_a
p.10
362
_a
8 Apr
650
_a
Defence
650
_a
Kargil conflict
773
_a
Hindu
909
_a
45965
999
_c
45965
_d
45965